A million opportunities lost: Every village in the country has more water harvesting structure than elected panchyat (Record no. 522246)

000 -LEADER
fixed length control field 00503nam a22001457a 4500
008 - FIXED-LENGTH DATA ELEMENTS--GENERAL INFORMATION
fixed length control field 230320b ||||| |||| 00| 0 eng d
100 ## - MAIN ENTRY--PERSONAL NAME
Personal name Moyna, M. Suchitra
245 ## - TITLE STATEMENT
Title A million opportunities lost: Every village in the country has more water harvesting structure than elected panchyat
260 ## - PUBLICATION, DISTRIBUTION, ETC. (IMPRINT)
Place of publication, distribution, etc Down to Earth
300 ## - PHYSICAL DESCRIPTION
Extent 16-31 Dec, 2022: p.40-40
650 ## - SUBJECT ADDED ENTRY--TOPICAL TERM
Topical term or geographic name as entry element Village, Water harvesting structure
9 (RLIN) 39117
773 ## - HOST ITEM ENTRY
Main entry heading Down to Earth
906 ## - LOCAL DATA ELEMENT F, LDF (RLIN)
Subject DIP WATER HARVESTING
942 ## - ADDED ENTRY ELEMENTS (KOHA)
Item type Articles
Holdings
Withdrawn status Lost status Source of classification or shelving scheme Damaged status Not for loan Permanent location Current location Date acquired Serial Enumeration / chronology Barcode Date last seen Koha item type
          Indian Institute of Public Administration Indian Institute of Public Administration 2023-03-20 16-31 Dec, 2022: p.40-40 AR128476 2023-03-20 Articles

Powered by Koha